[Event "Prague op-B 15th"]
[Site "Prague"]
[Date "2016.01.10"]
[Round "4"]
[White "Stankova, Zuzana"]
[Black "Lhotska, Anna"]
[Result "1-0"]
[WhiteElo "1658"]
[BlackElo "1425"]
[PlyCount "49"]
[EventDate "2016.01.08"]
[EventType "swiss"]
[EventRounds "9"]
[EventCountry "CZE"]
[SourceTitle "CBM 170 Extra"]
[Source "ChessBase"]
[SourceDate "2016.02.25"]
[SourceVersion "1"]
[SourceVersionDate "2016.02.25"]
[SourceQuality "1"]

1. e4 c5 2. d4 cxd4 3. c3 dxc3 4. Nxc3 Nc6 5. Bc4 d6 6. Nf3 a6 7. Be3 Nf6 8. h3 e6 9. 0-0 Be7 10. Qe2 0-0 11. Rfd1 Bd7 12. Bb3 Qa5 13. Rac1 Rac8 14. Bd2 Qh5 15. Bf4 e5 16. Be3 Qg6 17. Kf1 Be6 18. Bxe6 fxe6 19. Qc2 b5 20. Qb3 Qf7 21. Ng5 Qg6 22. Nxe6 Na5 23. Nxf8+ Kxf8 24. Qe6 Rd8 25. Bb6 1-0

[Event "Teplice op 10th"]
[Site "Teplice"]
[Date "2015.06.20"]
[Round "8"]
[White "Stankova, Zuzana"]
[Black "Pribyl, Viktor"]
[Result "0-1"]
[WhiteElo "1660"]
[BlackElo "1699"]
[PlyCount "108"]
[EventDate "2015.06.13"]
[EventType "swiss"]
[EventRounds "9"]
[EventCountry "CZE"]
[SourceTitle "EXT 2017"]
[Source "ChessBase"]
[SourceDate "2016.10.25"]
[SourceVersion "1"]
[SourceVersionDate "2016.10.25"]
[SourceQuality "1"]

1. Nf3 Nf6 2. c4 g6 3. Nc3 d5 4. cxd5 Nxd5 5. Qa4+ Nc6 6. Ne5 Nxc3 7. dxc3 Bd7 8. Nxd7 Qxd7 9. e4 Bg7 10. Bb5 0-0 11. Bxc6 Qxc6 12. Qxc6 bxc6 13. Be3 Rab8 14. Bxa7 Rxb2 15. Bd4 Bxd4 16. cxd4 Rd8 17. 0-0 Rxd4 18. a4 Rb6 19. a5 Ra6 20. f3 Rb4 21. Ra2 Rb5 22. Rfa1 Kg7 23. Kf2 Kf6 24. Ke3 e5 25. Rc2 c5 26. Rca2 Kg5 27. Kd3 f5 28. Kc4 c6 29. Kd3 h5 30. g3 Rb4 31. Rc1 Rd4+ 32. Ke3 f4+ 33. gxf4+ exf4+ 34. Kf2 c4 35. Rb1 c3 36. Rb6 c2 37. Rxc2 Rxa5 38. Rbxc6 Rd1 39. Re2 Raa1 40. Rc5+ Kh4 41. Rec2 Rf1+ 42. Kg2 g5 43. Rf5 Rg1+ 44. Kf2 Rh1 45. Ke2 Rxh2+ 46. Kd3 Ra3+ 47. Rc3 Rxc3+ 48. Kxc3 Rf2 49. e5 Rxf3+ 50. Kd4 Kg4 51. Rf7 Re3 52. Kd5 h4 53. e6 h3 54. e7 h2 0-1

[Event "Teplice op 10th"]
[Site "Teplice"]
[Date "2015.06.17"]
[Round "5"]
[White "Palas, Ales"]
[Black "Stankova, Zuzana"]
[Result "1/2-1/2"]
[WhiteElo "1947"]
[BlackElo "1660"]
[PlyCount "61"]
[EventDate "2015.06.13"]
[EventType "swiss"]
[EventRounds "9"]
[EventCountry "CZE"]
[SourceTitle "EXT 2017"]
[Source "ChessBase"]
[SourceDate "2016.10.25"]
[SourceVersion "1"]
[SourceVersionDate "2016.10.25"]
[SourceQuality "1"]

1. e4 d5 2. exd5 Qxd5 3. Nc3 Qa5 4. d4 c6 5. Bc4 Bf5 6. Nf3 e6 7. Bd2 Nd7 8. Qe2 Bb4 9. Bb3 Ngf6 10. a3 Nd5 11. Bxd5 cxd5 12. 0-0 Bxc3 13. Bxc3 Qc7 14. Nh4 Qf4 15. Nxf5 Qxf5 16. Bb4 a5 17. Bd6 Ra6 18. Bg3 0-0 19. Qb5 Nb6 20. Bc7 Nc4 21. b3 Nd6 22. Bxd6 Rxd6 23. Rac1 b6 24. Rfd1 Rc8 25. c4 Rdc6 26. c5 h6 27. b4 axb4 28. axb4 e5 29. dxe5 Qxe5 30. Re1 Qc7 31. Rcd1 1/2-1/2

[Event "Plzen KB op-A U18"]
[Site "Plzen"]
[Date "1997.??.??"]
[Round "2"]
[White "Stankova, Zuzana"]
[Black "Hrbolka, Ladislav Jr"]
[Result "1/2-1/2"]
[WhiteElo "2075"]
[BlackElo "2250"]
[PlyCount "105"]
[EventDate "1997.??.??"]
[EventType "swiss"]
[EventRounds "9"]
[EventCountry "CZE"]
[SourceTitle "EXT 1998"]
[Source "ChessBase"]
[SourceDate "1997.11.17"]
[SourceVersion "1"]
[SourceVersionDate "1997.11.17"]
[SourceQuality "1"]

1. e4 c5 2. Nf3 d6 3. d4 cxd4 4. Nxd4 Nf6 5. Nc3 a6 6. Bg5 e6 7. f4 b5 8. Qf3 Bb7 9. Bd3 Nbd7 10. 0-0-0 Rc8 11. Rhe1 Be7 12. Kb1 h6 13. Qh3 b4 14. Nd5 exd5 15. exd5 0-0 16. Nf5 Re8 17. Nxg7 hxg5 18. Nxe8 g4 19. Nxf6+ Nxf6 20. Qh4 Bf8 21. h3 Bg7 22. hxg4 Nxg4 23. Qxg4 Qf6 24. Qxc8+ Bxc8 25. Re8+ Bf8 26. Rxc8 Qxf4 27. Bxa6 Qg4 28. Re1 Qxg2 29. a3 bxa3 30. bxa3 Qf2 31. Ree8 Qb6+ 32. Kc1 Qxa6 33. Rxf8+ Kg7 34. Ra8 Qf1+ 35. Kd2 Qg2+ 36. Kc1 Qxd5 37. a4 Qd4 38. Rg8+ Kf6 39. Rgb8 Qe3+ 40. Kb2 Qd4+ 41. c3 Qd2+ 42. Kb3 Qd5+ 43. c4 Qd3+ 44. Kb4 Qd4 45. Kb5 Qc5+ 46. Ka6 Qxc4+ 47. Kb7 d5 48. a5 d4 49. Ra6+ Kg7 50. Rd8 Qb5+ 51. Rb6 Qxa5 52. Rbd6 Qb5+ 53. Kc7 1/2-1/2

[Event "CZE-ch (Women)"]
[Site "Ostrava"]
[Date "1997.??.??"]
[Round "7"]
[White "Stankova, Zuzana"]
[Black "Jackova, Jana"]
[Result "0-1"]
[WhiteElo "2080"]
[BlackElo "2245"]
[PlyCount "54"]
[EventDate "1997.??.??"]
[EventType "swiss"]
[EventRounds "9"]
[EventCountry "CZE"]
[SourceTitle "EXT 1998"]
[Source "ChessBase"]
[SourceDate "1997.11.17"]
[SourceVersion "1"]
[SourceVersionDate "1997.11.17"]
[SourceQuality "1"]

1. e4 e5 2. Nf3 Nc6 3. c3 d5 4. Bb5 dxe4 5. Nxe5 Qd5 6. Qa4 Nge7 7. Nxc6 Nxc6 8. c4 Qe6 9. 0-0 Bd7 10. Re1 a6 11. Nc3 0-0-0 12. d4 Qg6 13. Bf4 Nxd4 14. Bxd7+ Rxd7 15. Rad1 f5 16. Be3 Bc5 17. b4 Nf3+ 18. Kh1 Bd6 19. gxf3 exf3 20. Rg1 Qh5 21. Rg3 Rhd8 22. Rdg1 g5 23. Bc5 Bxg3 24. Rxg3 f4 25. Rg1 g4 26. Qc2 g3 27. fxg3 Rd2 0-1

[Event "CZE-ch (Women)"]
[Site "Ostrava"]
[Date "1997.??.??"]
[Round "6"]
[White "Vacovska, Veronika"]
[Black "Stankova, Zuzana"]
[Result "0-1"]
[WhiteElo "2080"]
[BlackElo "2080"]
[PlyCount "82"]
[EventDate "1997.??.??"]
[EventType "swiss"]
[EventRounds "9"]
[EventCountry "CZE"]
[SourceTitle "EXT 1998"]
[Source "ChessBase"]
[SourceDate "1997.11.17"]
[SourceVersion "1"]
[SourceVersionDate "1997.11.17"]
[SourceQuality "1"]

1. d4 Nf6 2. c4 g6 3. Nc3 d5 4. cxd5 Nxd5 5. e4 Nxc3 6. bxc3 Bg7 7. Bc4 0-0 8. Ne2 b6 9. 0-0 Bb7 10. f3 c5 11. Be3 cxd4 12. cxd4 Nc6 13. Rc1 Na5 14. Bd3 Qd6 15. Qd2 Rfd8 16. Rfd1 Rac8 17. Bf2 Rxc1 18. Qxc1 Nc6 19. Bb1 Ba6 20. d5 Bxe2 21. Re1 Nd4 22. Qd2 Nxf3+ 23. gxf3 Bxf3 24. Qe3 Bh5 25. Rc1 Be5 26. Bg3 Bxg3 27. hxg3 Qe5 28. Kg2 Bg4 29. Rh1 Qb2+ 30. Qf2 Qxf2+ 31. Kxf2 Rc8 32. Ke3 h5 33. Kf4 Kg7 34. Re1 f6 35. e5 Rc5 36. Be4 f5 37. d6 exd6 38. Kg5 Rxe5 39. Rc1 Rb5 40. Rc7+ Kf8 41. Kf6 f4 0-1

[Event "Pardubice KB op"]
[Site "Pardubice"]
[Date "1996.??.??"]
[Round "9"]
[White "Kievelitz, Bernd"]
[Black "Stankova, Zuzana"]
[Result "1-0"]
[WhiteElo "2145"]
[BlackElo "2105"]
[PlyCount "76"]
[EventDate "1996.07.??"]
[EventType "swiss"]
[EventRounds "9"]
[EventCountry "CZE"]
[SourceTitle "CBM 055 Extra"]
[Source "ChessBase"]
[SourceDate "1997.01.01"]
[SourceVersion "1"]
[SourceVersionDate "1997.01.01"]
[SourceQuality "1"]

1. Nf3 Nf6 2. c4 c5 3. Nc3 g6 4. d4 Bg7 5. e4 cxd4 6. Nxd4 d6 7. Be2 Nc6 8. Be3 0-0 9. 0-0 a6 10. Rc1 Bd7 11. f3 Ne8 12. Nd5 e6 13. Nxc6 bxc6 14. Nc3 c5 15. Qd3 Qc7 16. f4 f5 17. g4 Kh8 18. exf5 gxf5 19. g5 Rd8 20. Rcd1 Bc6 21. h4 Rg8 22. Rd2 Bf8 23. Bxc5 Be4 24. Nxe4 fxe4 25. Bd4+ e5 26. Bxe5+ dxe5 27. Qxd8 Qa7+ 28. Kg2 Bb4 29. Rc2 exf4 30. Qd5 f3+ 31. Bxf3 exf3+ 32. Rxf3 Qe7 33. Rcf2 Be1 34. Rf7 Qe3 35. Rf8 Nf6 36. R8xf6 Bxf2 37. Rxf2 h6 38. Qf3 Qe7 1-0

[Event "Plzen op-A U18"]
[Site "Plzen"]
[Date "1996.??.??"]
[Round "3"]
[White "Koubkova, Alena"]
[Black "Stankova, Zuzana"]
[Result "1/2-1/2"]
[WhiteElo "1900"]
[BlackElo "2105"]
[PlyCount "56"]
[EventDate "1996.??.??"]
[EventType "swiss"]
[EventRounds "9"]
[EventCountry "CZE"]
[SourceTitle "EXT 1998"]
[Source "ChessBase"]
[SourceDate "1997.11.17"]
[SourceVersion "1"]
[SourceVersionDate "1997.11.17"]
[SourceQuality "1"]

1. e4 c5 2. Nc3 d6 3. g3 Nc6 4. Bg2 Nf6 5. d3 e6 6. Nf3 a6 7. 0-0 Be7 8. d4 cxd4 9. Nxd4 e5 10. Nf3 0-0 11. Bg5 b5 12. Qd3 Bb7 13. Bxf6 Bxf6 14. Rad1 Be7 15. Nd5 Re8 16. Nxe7+ Nxe7 17. Nh4 Qa5 18. Qb3 Rad8 19. Rd3 Qa4 20. Qxa4 bxa4 21. Rfd1 Nc8 22. Nf5 Re6 23. f3 Kf8 24. Bh3 Rf6 25. Kg2 g5 26. Ne3 h5 27. Bxc8 Bxc8 28. Nc4 Ke7 1/2-1/2

[Event "CZE-ch (Women)"]
[Site "Usti nad Labem"]
[Date "1996.??.??"]
[Round "9"]
[White "Molnarova, Drahomira"]
[Black "Stankova, Zuzana"]
[Result "1/2-1/2"]
[WhiteElo "1740"]
[BlackElo "2130"]
[PlyCount "41"]
[EventDate "1996.??.??"]
[EventType "swiss"]
[EventRounds "9"]
[EventCountry "CZE"]
[SourceTitle "EXT 1998"]
[Source "ChessBase"]
[SourceDate "1997.11.17"]
[SourceVersion "1"]
[SourceVersionDate "1997.11.17"]
[SourceQuality "1"]

1. e4 c5 2. c3 Nf6 3. e5 Nd5 4. d4 e6 5. Nf3 Nc6 6. Bc4 Nb6 7. Bd3 cxd4 8. cxd4 Nb4 9. Nc3 Nxd3+ 10. Qxd3 d6 11. Qd2 dxe5 12. dxe5 Qxd2+ 13. Nxd2 Bd7 14. 0-0 0-0-0 15. Nde4 Bc6 16. Bf4 Bxe4 17. Nxe4 Rd4 18. Rac1+ Kd7 19. Rfd1 Rd5 20. Rxd5+ Nxd5 21. Bd2 1/2-1/2

[Event "CZE-ch U18"]
[Site "Prague"]
[Date "1996.??.??"]
[Round "7"]
[White "Pridal, Ondrej"]
[Black "Stankova, Zuzana"]
[Result "1-0"]
[WhiteElo "2045"]
[BlackElo "1850"]
[PlyCount "154"]
[EventDate "1996.??.??"]
[EventType "swiss"]
[EventRounds "9"]
[EventCountry "CZE"]
[SourceTitle "EXT 1998"]
[Source "ChessBase"]
[SourceDate "1997.11.17"]
[SourceVersion "1"]
[SourceVersionDate "1997.11.17"]
[SourceQuality "1"]

1. e4 c5 2. c3 Nf6 3. e5 Nd5 4. d4 cxd4 5. Nf3 Nc6 6. cxd4 d6 7. Bc4 Nb6 8. Bb5 a6 9. Bxc6+ bxc6 10. exd6 Qxd6 11. Ne5 Be6 12. 0-0 g6 13. Bf4 Nd5 14. Bg3 Qb4 15. Qd2 Qxd2 16. Nxd2 Nb6 17. Rfc1 Bh6 18. f4 Nd5 19. Rxc6 Nxf4 20. Nb3 Bxb3 21. axb3 Ne2+ 22. Kf2 Nxd4 23. Rcxa6 Rc8 24. Nc6 Nxc6 25. Rxc6 0-0 26. Rxc8 Rxc8 27. Be5 f6 28. Bc3 Rc7 29. Ra8+ Bf8 30. Rb8 Kf7 31. b4 e5 32. b5 Bc5+ 33. Kf3 Ba7 34. Rh8 Kg7 35. Rd8 Rb7 36. Ba5 Bd4 37. Rd5 Bxb2 38. Rc5 Kh6 39. b6 Bd4 40. Rc7 Rxb6 41. Bxb6 Bxb6 42. Rc6 Bg1 43. Rxf6 Bxh2 44. Re6 Kg5 45. g3 Kf5 46. Re7 Bg1 47. Rxh7 e4+ 48. Kg2 Bd4 49. Rc7 Ke6 50. Rb7 g5 51. Rb5 Kf6 52. Rd5 Ba7 53. Ra5 Bd4 54. Kf1 g4 55. Ra4 Ke5 56. Ke2 Bg1 57. Ra5+ Kf6 58. Ra1 Bd4 59. Ra5 Bg1 60. Ra3 Kf5 61. Ra2 Bd4 62. Kf1 Bb6 63. Kg2 Bd4 64. Ra4 Bb6 65. Ra8 Bd4 66. Rf8+ Bf6 67. Kf2 Ke5 68. Re8+ Kf5 69. Ke3 Bg5+ 70. Kd4 e3 71. Kd5 Kf6 72. Re6+ Kg7 73. Re4 Kf6 74. Rxg4 Kf5 75. Re4 e2 76. g4+ Kg6 77. Rxe2 Bf4 1-0

[Event "Plzen op-A U18"]
[Site "Plzen"]
[Date "1996.??.??"]
[Round "6"]
[White "Stankova, Zuzana"]
[Black "Blecha, Milan"]
[Result "0-1"]
[WhiteElo "2105"]
[BlackElo "1915"]
[PlyCount "68"]
[EventDate "1996.??.??"]
[EventType "swiss"]
[EventRounds "9"]
[EventCountry "CZE"]
[SourceTitle "EXT 1998"]
[Source "ChessBase"]
[SourceDate "1997.11.17"]
[SourceVersion "1"]
[SourceVersionDate "1997.11.17"]
[SourceQuality "1"]

1. e4 c5 2. Nf3 d6 3. d4 cxd4 4. Nxd4 Nf6 5. Nc3 Nc6 6. Be3 e5 7. Nf3 h6 8. Bc4 Be6 9. Bb3 Be7 10. Qe2 0-0 11. Rd1 a6 12. a4 Qc7 13. 0-0 b6 14. Nd5 Bxd5 15. Bxd5 Nxd5 16. Rxd5 Rfd8 17. c3 Na5 18. Nd2 Rdc8 19. Qg4 Kh8 20. Qh5 Bf8 21. Nf3 Nc4 22. Bc1 Qe7 23. Rfd1 Rd8 24. b3 Na5 25. Ba3 Qf6 26. Bc1 Rdc8 27. b4 Nc4 28. R1d3 b5 29. a5 Qg6 30. Qh3 Qxe4 31. Kf1 Qg6 32. Ng5 Kg8 33. Nxf7 Qxf7 34. Qg3 Kh8 0-1